[Event "Indywidualne Mistrzostwa Polski Kobiet do lat 20"]
[Site "Osrodek „SUDETY”, Pokrzywna 75"]
[Date "1899-12-30"]
[Round "2.12"]
[White "Pietrzak, Emilia"]
[Black "Bugaj, Hanna"]
[Result "0-1"]
[WhiteTitle "I+"]
[BlackTitle "I++"]
[WhiteElo "1497"]
[BlackElo "1721"]

1. e4 e6 2. d4 d5 3. e5 c5 4. c3 Nc6 5. Nf3 Bd7 6. a3 c4 7. Nbd2 f6 8. Qe2 Qc7
9. g3 fxe5 10. Nxe5 Nxe5 11. dxe5 O-O-O 12. Bh3 Bc5 13. O-O Ne7 14. Nf3 Qb6 15.
Re1 Rdf8 16. Be3 Nc6 17. Bxc5 Qxc5 18. Ng5 Qe7 19. Qe3 h6 20. Nf3 g5 21. Nd4 Nxd4
22. Qxd4 Kb8 23. b3 Rc8 24. Bf1 cxb3 25. Reb1 Qc5 26. Rxb3 Qxd4 27. cxd4 Rc2 28.
Rab1 b6 29. Bd3 Rd2 30. R1b2 Rd1+ 31. Kg2 Rc8 32. Rb1 Rd2 33. Ba6 Rf8 34. Rf3
Rxf3 35. Kxf3 Rxd4 36. Rb3 g4+ 37. Kg2 Re4 38. f3 Ra4 39. Be2 gxf3+ 40. Rxf3 Re4
41. Rf8+ Kb7 42. Bd3 Rxe5 43. Rf7 Kc6 44. a4 Kd6 45. Rh7 h5 46. Bg6 a5 47. Bxh5
Bxa4 48. Rh8 d4 49. Bg6 Bc6+ 50. Kf2 a4 51. h4 a3 52. Rd8+ Kc5 53. Bb1 Bd5 54.
g4 d3 55. Rc8+ Bc6 56. Ba2 Re2+ 0-1

[Event "Indywidualne Mistrzostwa Polski Kobiet do lat 20"]
[Site "Osrodek „SUDETY”, Pokrzywna 75"]
[Date "1899-12-30"]
[Round "3.1"]
[White "Rudzinska, Michalina"]
[Black "Malicka, Maria"]
[Result "0-1"]
[WhiteTitle "WFM"]
[BlackTitle "FM"]
[WhiteElo "2215"]
[BlackElo "2307"]

1. e4 c6 2. d4 d5 3. Nc3 dxe4 4. Nxe4 Bf5 5. Ng3 Bg6 6. Bc4 e6 7. N1e2 Nf6 8. h4
h6 9. Nf4 Bh7 10. O-O Bd6 11. Re1 O-O 12. c3 Re8 13. Ngh5 Nbd7 14. Nxf6+ Nxf6
15. Qf3 Nd5 16. g3 Nxf4 17. Bxf4 Qf6 18. Kg2 Bxf4 19. Qxf4 Qxf4 20. gxf4 Bf5 21.
Rad1 Rad8 22. Re5 g6 23. h5 Bg4 24. f3 Bxh5 25. Rde1 Kg7 26. Kg3 Kf6 27. R1e3
Re7 28. Kh4 Rc7 29. a4 c5 30. d5 exd5 31. Bxd5 c4 32. Kg3 g5 33. R3e4 Bg6 34.
Rd4 b6 35. Be4 Rxd4 36. cxd4 Bxe4 37. fxe4 c3 38. fxg5+ hxg5 39. bxc3 Rxc3+ 40.
Kg4 Rc4 41. Rf5+ Ke7 42. Re5+ Kf6 43. Rf5+ Ke7 44. Re5+ Kf8 45. a5 Rxd4 46. axb6
axb6 47. Kxg5 Rc4 48. Rf5 Rxe4 49. Rb5 Re6 50. Rb1 Ke7 51. Kf5 Kd7 52. Kf4 Rh6
53. Ke4 Rh4+ 54. Ke5 b5 55. Rf1 Ke7 56. Ra1 Ra4 57. Rc1 Ra7 58. Kd5 b4 59. Rb1
Rd7+ 60. Kc5 f5 61. Rxb4 Kf6 62. Rb1 f4 63. Kc4 Kf5 64. Re1 f3 65. Re8 Kf4 66.
Kc3 f2 67. Rf8+ Ke3 68. Re8+ Kf3 69. Rf8+ Ke2 70. Re8+ Kf1 71. Rf8 Rg7 72. Kd4
0-1

[Event "Indywidualne Mistrzostwa Polski Kobiet do lat 20"]
[Site "Osrodek „SUDETY”, Pokrzywna 75"]
[Date "1899-12-30"]
[Round "3.2"]
[White "Goraj, Barbara"]
[Black "Wikar, Martyna"]
[Result "1-0"]
[WhiteTitle "WCM"]
[BlackTitle "WFM"]
[WhiteElo "2044"]
[BlackElo "2168"]

1. Nf3 d6 2. d3 e5 3. e4 Be7 4. g3 h5 5. h4 Bg4 6. Bg2 Qd7 7. Nbd2 Nc6 8. Nc4 Nh6
9. Ne3 O-O-O 10. c3 f5 11. Nxg4 hxg4 12. Ng5 Rdf8 13. exf5 Qxf5 14. Be3 Qd7 15.
Bd5 Nd8 16. b4 c6 17. Bg2 Ne6 18. Nxe6 Qxe6 19. Qa4 d5 20. Qxa7 d4 21. Bd2 Qf5
22. O-O Qxd3 23. Qa8+ Kc7 24. Qa5+ Kc8 25. Qa8+ Kc7 26. Qa5+ Kc8 27. Rad1 Qb5
28. Qxb5 cxb5 29. cxd4 Nf5 30. dxe5 Nd4 31. Rfe1 Ne6 32. Bd5 Nc7 33. Be4 Ne6 34.
Bd5 Nc7 35. Bg2 Ne6 36. Re4 g5 37. hxg5 Rd8 38. Rxg4 Kb8 39. Re4 Nxg5 40. Ree1
Ne6 1-0

[Event "Indywidualne Mistrzostwa Polski Kobiet do lat 20"]
[Site "Osrodek „SUDETY”, Pokrzywna 75"]
[Date "1899-12-30"]
[Round "3.3"]
[White "Szczotka, Klara"]
[Black "Zabrzanska, Weronika"]
[Result "1/2-1/2"]
[WhiteTitle "k+"]
[BlackTitle "k"]
[WhiteElo "1755"]
[BlackElo "1923"]

1. c4 e6 2. Nc3 Nf6 3. e4 d5 4. cxd5 exd5 5. e5 d4 6. exf6 dxc3 7. Bb5+ c6 8. Qe2+
Be6 9. Bc4 Qxf6 10. dxc3 Nd7 11. Nf3 O-O-O 12. Bxe6 Qxe6 13. Qxe6 fxe6 14. Ng5
Re8 15. O-O h6 16. Ne4 Nc5 17. Nxc5 Bxc5 18. Re1 Re7 19. Be3 Bxe3 20. Rxe3 Rd8
21. Re2 Red7 22. f4 Rd1+ 23. Rxd1 Rxd1+ 24. Kf2 Kd7 25. Kf3 Kd6 26. Ke4 b5 27.
g4 Rd5 28. h4 h5 29. Rg2 g6 30. b3 c5 31. gxh5 Rxh5 32. Rg4 Rh6 33. a4 b4 34.
cxb4 cxb4 35. Kd4 a5 36. Ke4 Rh5 37. Rxg6 Rxh4 38. Rg3 Rh5 1/2-1/2

[Event "Indywidualne Mistrzostwa Polski Kobiet do lat 20"]
[Site "Osrodek „SUDETY”, Pokrzywna 75"]
[Date "1899-12-30"]
[Round "3.4"]
[White "Hertlein, Irena"]
[Black "Pawicka, Magdalena"]
[Result "1-0"]
[WhiteTitle "k"]
[BlackTitle "k+"]
[WhiteElo "1918"]
[BlackElo "1691"]

1. e4 e5 2. Nf3 Nc6 3. Bb5 a6 4. Ba4 d6 5. c4 Bg4 6. h3 Bh5 7. Nc3 Nf6 8. g4 Bg6
9. d4 Nd7 10. Bxc6 bxc6 11. Qa4 exd4 12. Nxd4 Nb6 13. Qxc6+ Qd7 14. b3 Qxc6 15.
Nxc6 Kd7 16. Nd4 Re8 17. f3 Be7 18. Be3 Bf6 19. O-O-O Kc8 20. Nde2 Nd7 21. Bd4
Bxd4 22. Nxd4 h5 23. Kd2 hxg4 24. hxg4 Ne5 25. Ke3 f6 26. Nde2 Bf7 27. Ng3 g6
28. Rxh8 Rxh8 29. Rh1 Rxh1 30. Nxh1 Kd7 31. Nf2 Be6 32. Nd3 Nxd3 33. Kxd3 c6 34.
Ke3 Kc7 35. Ne2 Bf7 36. f4 a5 37. Nc3 Be6 38. f5 gxf5 39. exf5 Bf7 40. Ne4 a4
41. Nxf6 axb3 42. axb3 Kd8 43. g5 Ke7 44. Kd4 1-0

[Event "Indywidualne Mistrzostwa Polski Kobiet do lat 20"]
[Site "Osrodek „SUDETY”, Pokrzywna 75"]
[Date "1899-12-30"]
[Round "3.5"]
[White "Adamczyk, Zuzanna"]
[Black "Starosta, Martyna"]
[Result "1/2-1/2"]
[WhiteTitle "WCM"]
[BlackTitle "WCM"]
[WhiteElo "2047"]
[BlackElo "1938"]

1. d4 Nf6 2. c4 e6 3. Nf3 c5 4. d5 b5 5. dxe6 fxe6 6. cxb5 d5 7. e3 Bd6 8. Nc3
O-O 9. Be2 Qe8 10. e4 Nbd7 11. exd5 Bb7 12. dxe6 Qxe6 13. O-O Kh8 14. Ng5 Qe7
15. Bf3 Bxf3 16. Qxf3 Ne5 17. Qe2 h6 18. Nge4 Nxe4 19. Qxe4 Rae8 20. f4 Qf6 21.
Nd5 Qh4 22. g3 Qh5 23. Qg2 Nc4 24. Nc3 Qg6 25. Qd5 Nb6 26. Qf3 Qc2 27. Qf2 Qf5
28. Kg2 c4 29. Be3 Nd5 30. Nxd5 Qxd5+ 31. Qf3 Qxb5 32. Bd4 Be5 33. Bxe5 Rxe5 34.
Rf2 Rd5 35. Rd1 Rd3 36. Rxd3 cxd3 37. Rd2 Rd8 38. Qe4 Qa5 39. Rxd3 Rxd3 40. Qxd3
Qxa2 41. Qd4 Qb3 42. g4 Qe6 43. Kg3 Qe1+ 44. Qf2 Qe7 45. h4 Qe6 46. h5 Qe7 47.
Qd2 Qc5 48. Kh2 Qc4 49. Qf2 Qe4 50. Kg1 Qb1+ 51. Kh2 Qe4 52. Kg1 1/2-1/2

[Event "Indywidualne Mistrzostwa Polski Kobiet do lat 20"]
[Site "Osrodek „SUDETY”, Pokrzywna 75"]
[Date "1899-12-30"]
[Round "3.6"]
[White "Czarniecka, Aleksandra"]
[Black "Bukala, Weronika"]
[Result "0-1"]
[WhiteTitle "m"]
[BlackTitle "I++"]
[WhiteElo "2031"]
[BlackElo "1875"]

1. e4 c5 2. Nf3 d6 3. d4 cxd4 4. Nxd4 Nf6 5. Nc3 a6 6. Be2 e5 7. Nb3 Be7 8. Bg5
Be6 9. Bxf6 Bxf6 10. Qd3 Be7 11. O-O-O Nd7 12. Kb1 Qc7 13. Nd5 Bxd5 14. Qxd5 Rc8
15. c3 b5 16. h4 O-O 17. Rh3 Qb6 18. Qd3 Qxf2 19. Bg4 Rcd8 20. Bxd7 Rxd7 21. g4
Qb6 22. g5 d5 23. exd5 Qg6 24. Kc2 Qxd3+ 25. Rhxd3 Bd6 26. Rf3 f5 27. gxf6 Rxf6
28. Rdf1 Rxf3 29. Rxf3 Be7 30. Rf5 Rxd5 31. h5 g6 32. hxg6 hxg6 33. Rf2 Kg7 34.
Nd2 g5 35. Ne4 Kg6 36. b3 Rd8 37. Ng3 Rf8 38. Rxf8 Bxf8 39. Kd3 g4 40. Ke4 Kf6
41. c4 bxc4 42. bxc4 Ke6 43. Nf5 Bc5 44. Ng7+ Kf6 45. Nh5+ Ke6 46. Ng7+ Kd6 47.
Nf5+ Kc6 48. Kxe5 g3 49. Nh4 Be7 50. Ng2 Kc5 51. Kf4 Bd6+ 52. Ke3 Kxc4 53. Kd2
Bb4+ 54. Kc2 Kd4 55. Kb3 Be7 56. Kc2 Ke4 57. Kd1 Kf3 58. Ne1+ Kf2 59. Nd3+ Kf1
60. Nf4 g2 61. Nxg2 Kxg2 62. Ke2 Bd8 63. Kd3 Kf3 64. Kc4 Ke4 65. Kb4 Kd4 66. Kb3
a5 67. Ka4 Kc4 68. a3 Kc3 69. Kb5 Kb3 70. a4 Ka3 71. Kc4 Kxa4 72. Kc3 Kb5 73.
Kb3 a4+ 74. Ka3 Be7+ 75. Ka2 Kb4 76. Kb2 Bf6+ 77. Ka2 a3 78. Kb1 Kb3 0-1

[Event "Indywidualne Mistrzostwa Polski Kobiet do lat 20"]
[Site "Osrodek „SUDETY”, Pokrzywna 75"]
[Date "1899-12-30"]
[Round "3.7"]
[White "Marcinczyk, Monika"]
[Black "Siekanska, Zuzanna"]
[Result "1/2-1/2"]
[WhiteTitle "WCM"]
[BlackTitle "I++"]
[WhiteElo "2020"]
[BlackElo "1783"]

1. e4 e5 2. Nf3 Nc6 3. Bb5 a6 4. Ba4 Nf6 5. O-O Be7 6. Re1 b5 7. Bb3 d6 8. c3 O-O
9. d4 Bg4 10. Be3 exd4 11. cxd4 Na5 12. Bc2 c5 13. Nbd2 Nc6 14. d5 Ne5 15. h3
Bh5 16. g4 Bg6 17. Nxe5 dxe5 18. Qf3 Nxd5 19. exd5 Bxc2 20. Rac1 Bg6 21. Bxc5
Bxc5 22. Rxc5 f6 23. b4 a5 24. a3 axb4 25. axb4 Ra2 26. Nf1 f5 27. Qb3 Qa8 28.
g5 Ra3 29. Qb2 Rxh3 30. Rxe5 Qd8 31. Qd2 f4 32. d6 Qd7 33. Qd5+ Bf7 34. Qc6 Qg4+
35. Qg2 Qxg2+ 36. Kxg2 Rd3 37. Rxb5 Rxd6 38. Nh2 Be8 39. Rbc5 Bc6+ 40. Nf3 h6
41. b5 Ba8 42. Rc3 Rg6 43. Kh3 Bxf3 44. Rxf3 Kh7 45. Kg4 hxg5 46. Rxg5 Rgf6 47.
Rb3 g6 48. Rc5 Rb8 49. Kg5 Rf7 50. b6 Rbb7 51. Rbb5 f3 52. Rc6 Rfd7 53. Rbc5 Rg7
54. Rf6 Rgd7 55. Rxg6 Rd2 56. Rgc6 Rg7+ 57. Kf6 Rg6+ 58. Kf5 Rxc6 59. Rxc6 Rxf2
60. Kf4 Kg7 61. Ke3 Rf1 62. Rc2 Rb1 63. Rc7+ Kf6 64. Kxf3 Ke5 65. Ke4+ 1/2-1/2

[Event "Indywidualne Mistrzostwa Polski Kobiet do lat 20"]
[Site "Osrodek „SUDETY”, Pokrzywna 75"]
[Date "1899-12-30"]
[Round "3.8"]
[White "Dylag, Emilia"]
[Black "Bugaj, Hanna"]
[Result "1/2-1/2"]
[WhiteTitle "WFM"]
[BlackTitle "I++"]
[WhiteElo "1956"]
[BlackElo "1721"]

1. d4 d5 2. Nf3 Nf6 3. g3 e6 4. Bg2 c5 5. O-O Nc6 6. c3 cxd4 7. cxd4 Bd6 8. Nc3
a6 9. Re1 O-O 10. Bg5 h6 11. Bxf6 Qxf6 12. Rc1 Qd8 13. a3 Bd7 14. e4 dxe4 15.
Nxe4 Be7 16. Nc5 Bxc5 17. dxc5 Ne7 18. Ne5 Bc6 19. Bxc6 Nxc6 20. Nxc6 bxc6 21.
Qd6 Qc8 22. Red1 Rd8 23. Qe5 Rd5 24. Rxd5 exd5 25. Re1 Qb8 26. Qd4 Qf8 27. b4
Re8 28. Re5 Rxe5 29. Qxe5 Qc8 30. a4 Qb7 31. Qd4 Qb8 32. Kg2 Kf8 33. h3 Kg8 34.
Qg4 Qe8 35. Qf5 Qd8 36. Qd3 d4 37. Kf1 Qd5 38. Ke1 Qa2 39. Qxd4 Qxa4 40. Qd8+
1/2-1/2

[Event "Indywidualne Mistrzostwa Polski Kobiet do lat 20"]
[Site "Osrodek „SUDETY”, Pokrzywna 75"]
[Date "1899-12-30"]
[Round "3.9"]
[White "Budkiewicz, Magdalena"]
[Black "Obrochta, Lena"]
[Result "1-0"]
[WhiteTitle "k"]
[BlackTitle "I++"]
[WhiteElo "1929"]
[BlackElo "1660"]

1. e4 c5 2. Nf3 e6 3. d4 cxd4 4. Nxd4 a6 5. Bd3 Qb6 6. Nb3 Qc7 7. Be3 Nf6 8. f4
d6 9. Qe2 Nbd7 10. N1d2 b5 11. g4 Nc5 12. g5 Nfd7 13. Rf1 Be7 14. h4 Bb7 15. h5
d5 16. e5 g6 17. Nd4 Ne4 18. Qg4 Ndc5 19. N2b3 Na4 20. Bc1 Rc8 21. Ke2 Nb6 22.
Be3 Nc4 23. Rab1 Bc6 24. hxg6 hxg6 25. Rh1 Rxh1 26. Rxh1 Kd7 27. Nxe6 Nxe3 28.
Kxe3 fxe6 29. Nd4 Nxg5 30. Bxg6 Rf8 31. Rh5 Bb7 32. Rxg5 Qb6 33. Rh5 Bc5 34. Rh7+
Kc8 35. c3 Kb8 36. Bd3 Bxd4+ 37. cxd4 Rc8 38. Qg7 Rc7 39. Qf8+ Ka7 40. Rxc7 Qxc7
41. Qc5+ Qxc5 42. dxc5 b4 43. f5 exf5 44. Bxf5 Kb8 45. Kd4 Kc7 46. Be6 1-0

[Event "Indywidualne Mistrzostwa Polski Kobiet do lat 20"]
[Site "Osrodek „SUDETY”, Pokrzywna 75"]
[Date "1899-12-30"]
[Round "3.10"]
[White "Smietanska, Wiktoria"]
[Black "Szopa, Emilia"]
[Result "1-0"]
[WhiteTitle "CM"]
[BlackTitle "I++"]
[WhiteElo "1910"]
[BlackElo "1588"]

1. e4 c6 2. d4 d5 3. Nd2 dxe4 4. Nxe4 Nd7 5. Ng5 Ngf6 6. Bd3 g6 7. Bc4 e6 8. Ne2
Nb6 9. Bb3 Bg7 10. O-O O-O 11. c3 Nfd7 12. Ne4 Qc7 13. Bf4 e5 14. Bg3 c5 15. dxe5
Nxe5 16. f4 Qc6 17. Nf6+ Bxf6 18. fxe5 Bg5 19. Bf4 Bxf4 20. Nxf4 Bf5 21. Bc2 Rad8
22. Qe2 Bxc2 23. Qxc2 Nc4 24. Qe2 Rd2 25. Qxc4 b5 26. Qb3 g5 27. Rad1 Rfd8 28.
Qc2 Rxd1 29. Rxd1 Rxd1+ 30. Qxd1 gxf4 31. Qe2 c4 32. Kf2 Kg7 33. Qg4+ Qg6 34.
Kf3 f5 35. Qxg6+ hxg6 36. Kxf4 Kf7 37. Kg5 a5 38. a3 Ke6 39. Kxg6 Kxe5 40. h4
Ke4 41. h5 Kd3 42. h6 Kc2 43. h7 Kxb2 44. h8=Q Kxa3 45. Qa8 a4 46. Qa5 Ka2 47.
Qxb5 a3 48. Qxc4+ Ka1 49. Kxf5 a2 50. Qxa2+ 1-0

[Event "Indywidualne Mistrzostwa Polski Kobiet do lat 20"]
[Site "Osrodek „SUDETY”, Pokrzywna 75"]
[Date "1899-12-30"]
[Round "3.11"]
[White "Salamon, Julia"]
[Black "Natoli, Alessia"]
[Result "1/2-1/2"]
[WhiteTitle "I++"]
[BlackTitle "I++"]
[WhiteElo "1515"]
[BlackElo "1633"]

1. d4 Nf6 2. c4 d6 3. Nf3 Nbd7 4. Nc3 e5 5. e4 g6 6. Be2 Bg7 7. O-O O-O 8. dxe5
Nxe5 9. Nxe5 dxe5 10. Qxd8 Rxd8 11. Bg5 c6 12. Rad1 Rxd1 13. Rxd1 Be6 14. f3 Nd7
15. Be3 Bf8 16. Kf1 Be7 17. b3 Kf8 18. Na4 Ke8 19. Rd2 b6 20. Nb2 Kd8 21. Rc2
Kc7 22. Nd3 a5 23. a4 Bc5 24. Bxc5 bxc5 25. Bd1 Rd8 26. Ke1 f6 27. h3 Kb6 28.
Rd2 Nf8 29. Bc2 Bf7 30. Nf2 Rxd2 31. Kxd2 h5 32. Nd3 Ne6 33. Ke3 Kc7 34. g3 Kd6
35. f4 Nd4 36. Bd1 Be6 37. fxe5+ fxe5 38. Nf2 Bf7 39. Nd3 g5 40. g4 h4 41. Nc1
Ne6 42. Nd3 Nf4 43. Nf2 Bg6 44. Bc2 Ne6 45. Bd1 Nd4 46. Nd3 Bh7 47. Ne1 Ke7 48.
Nd3 Kd6 49. Kxd4 1/2-1/2

[Event "Indywidualne Mistrzostwa Polski Kobiet do lat 20"]
[Site "Osrodek „SUDETY”, Pokrzywna 75"]
[Date "1899-12-30"]
[Round "3.12"]
[White "Trybus, Dominika"]
[Black "Pietrzak, Emilia"]
[Result "0-1"]
[WhiteTitle "I+"]
[BlackTitle "I+"]
[WhiteElo "1589"]
[BlackElo "1497"]

1. e4 c5 2. c3 Nf6 3. e5 Nd5 4. Nf3 e6 5. d4 cxd4 6. cxd4 Nc6 7. a3 d6 8. Bd3 dxe5
9. dxe5 Be7 10. O-O O-O 11. Re1 a6 12. Qe2 b5 13. Qe4 g6 14. Bh6 Re8 15. Nc3 Bb7
16. Nxd5 Qxd5 17. Qxd5 exd5 18. Rad1 Rad8 19. Bb1 b4 20. Rd3 Bc5 21. Bg5 Be7 22.
Be3 Bf8 23. Bb6 Rd7 24. Ba2 Bg7 25. Rde3 Bh6 26. e6 fxe6 27. Rxe6 Rxe6 28. Rxe6
Kf7 29. Rxc6 Bxc6 30. Ne5+ Ke8 31. Nxc6 Rd6 32. Bb3 Rxc6 33. Ba4 Kd7 34. Bxc6+
Kxc6 35. Bd4 bxa3 36. bxa3 Kb5 37. Kf1 Bc1 38. a4+ Kxa4 39. Ke2 Kb3 40. Kd3 a5
41. Ba1 a4 42. Kd4 Bb2+ 43. Bxb2 Kxb2 44. Kxd5 a3 45. g4 a2 46. f4 a1=Q 47. f5
gxf5 48. gxf5 Qa8+ 49. Ke6 Qf8 50. h4 h5 51. f6 Kc3 52. f7 Kd4 53. Kf6 Ke4 54.
Kg6 Ke5 55. Kxh5 Kf6 56. Kg4 Qxf7 57. h5 Qg7+ 58. Kh4 Qg5+ 59. Kh3 Qxh5+ 60. Kg2
Qg4+ 61. Kh1 Kf5 62. Kh2 Kf4 63. Kh1 Kf3 64. Kh2 Qg2# 0-1

[Event "Indywidualne Mistrzostwa Polski Kobiet do lat 20"]
[Site "Osrodek „SUDETY”, Pokrzywna 75"]
[Date "1899-12-30"]
[Round "4.1"]
[White "Malicka, Maria"]
[Black "Hertlein, Irena"]
[Result "1-0"]
[WhiteTitle "FM"]
[BlackTitle "k"]
[WhiteElo "2307"]
[BlackElo "1918"]

1. e4 c5 2. Nf3 e6 3. d4 cxd4 4. Nxd4 Nc6 5. Nc3 Qc7 6. Be2 a6 7. O-O Nf6 8. Be3
Be7 9. f4 d6 10. Qe1 O-O 11. Qg3 Nxd4 12. Bxd4 b5 13. a3 Bb7 14. Rae1 d5 15. Bxf6
Bxf6 16. e5 Be7 17. Bd3 b4 18. axb4 Bxb4 19. Qh4 g6 20. Rf3 Rfc8 21. Rh3 h5 22.
Rg3 Kf8 23. Bxg6 fxg6 24. Rxg6 Be7 25. Qxh5 Ke8 26. Rxe6+ Kd7 27. Qg4 Qc5+ 28.
Kh1 Kc7 29. Qg7 Re8 30. f5 d4 31. Na4 Qb4 32. c3 dxc3 33. Nxc3 Qxb2 34. Rxe7+
Rxe7 35. Qxe7+ Kb8 36. Qd6+ Ka7 37. Qc5+ Kb8 38. Nd5 1-0

[Event "Indywidualne Mistrzostwa Polski Kobiet do lat 20"]
[Site "Osrodek „SUDETY”, Pokrzywna 75"]
[Date "1899-12-30"]
[Round "4.2"]
[White "Zabrzanska, Weronika"]
[Black "Goraj, Barbara"]
[Result "1/2-1/2"]
[WhiteTitle "k"]
[BlackTitle "WCM"]
[WhiteElo "1923"]
[BlackElo "2044"]

1. e4 c6 2. d4 d5 3. e5 Bf5 4. Nd2 e6 5. Nb3 Nd7 6. Nf3 Ne7 7. Be2 h6 8. O-O g5
9. Ne1 Qc7 10. Nd3 Ng6 11. f4 c5 12. g4 Bxd3 13. Bxd3 Nxf4 14. Bxf4 gxf4 15. Bb5
cxd4 16. Bxd7+ Qxd7 17. Rxf4 Bg7 18. Qxd4 Rc8 19. c3 O-O 20. Re1 Rc4 21. Qe3 Rxf4
22. Qxf4 f6 23. exf6 Rxf6 24. Qb8+ Rf8 25. Qg3 e5 26. Rf1 Rxf1+ 27. Kxf1 Qa4 28.
Qd3 Qxg4 29. Qxd5+ Kh7 30. Nc5 Qf4+ 31. Kg2 Qg5+ 32. Kf2 Qf4+ 33. Kg2 Qg5+ 34.
Kf2 Qf4+ 1/2-1/2

[Event "Indywidualne Mistrzostwa Polski Kobiet do lat 20"]
[Site "Osrodek „SUDETY”, Pokrzywna 75"]
[Date "1899-12-30"]
[Round "4.3"]
[White "Wikar, Martyna"]
[Black "Rudzinska, Michalina"]
[Result "1/2-1/2"]
[WhiteTitle "WFM"]
[BlackTitle "WFM"]
[WhiteElo "2168"]
[BlackElo "2215"]

1. e4 c5 2. Nf3 d6 3. d4 cxd4 4. Nxd4 Nf6 5. Nc3 a6 6. f4 e5 7. Nb3 Qc7 8. Be2
b5 9. O-O Nbd7 10. a4 b4 11. Nd5 Nxd5 12. exd5 Be7 13. Bd3 O-O 14. Qe1 Bb7 15.
fxe5 dxe5 16. Qe4 g6 17. Bh6 f5 18. Qe3 Rf7 19. Qg3 f4 20. Qf3 Nf6 21. Nd2 Bxd5
22. Qe2 Bc5+ 23. Kh1 Qc6 24. Rae1 Be3 25. b3 Bxd2 26. Qxd2 Ng4 27. Bg5 f3 28.
gxf3 Bxf3+ 29. Kg1 Bd5 30. Rf2 Rf3 31. Rxf3 Be6 32. Rf7 Bxf7 33. h3 Qc5+ 34. Be3
Nxe3 35. Qxe3 Rc8 36. Qxc5 Rxc5 37. Bxa6 Rxc2 38. Rxe5 Bxb3 39. Rb5 Bxa4 40. Rxb4
Bd7 41. Rb8+ Kf7 42. Rb7 Ke6 43. Bb5 Bxb5 44. Rxb5 Kf6 45. Ra5 Re2 46. Rb5 h6
47. Ra5 Re5 48. Ra6+ Kf5 49. Kf2 h5 50. Kf3 Rb5 51. Ra3 Kg5 52. Ra4 Rb3+ 53. Kg2
Re3 54. Rb4 Kf5 55. Ra4 g5 56. Ra5+ Kf4 57. Ra4+ Re4 58. Ra2 Rd4 59. Kf2 h4 60.
Kg2 Rd3 61. Ra4+ Ke3 62. Ra2 Kf4 1/2-1/2

[Event "Indywidualne Mistrzostwa Polski Kobiet do lat 20"]
[Site "Osrodek „SUDETY”, Pokrzywna 75"]
[Date "1899-12-30"]
[Round "4.4"]
[White "Bukala, Weronika"]
[Black "Szczotka, Klara"]
[Result "1-0"]
[WhiteTitle "I++"]
[BlackTitle "k+"]
[WhiteElo "1875"]
[BlackElo "1755"]

1. e4 c6 2. d4 d5 3. e5 c5 4. dxc5 e6 5. Bd3 Nd7 6. Nf3 Bxc5 7. O-O Qc7 8. Qe2
Ne7 9. a3 Ng6 10. b4 Be7 11. Re1 a5 12. bxa5 Rxa5 13. Bd2 Ra8 14. c4 dxc4 15.
Bxc4 O-O 16. Nc3 Ndxe5 17. Nxe5 Nxe5 18. Qxe5 Qxc4 19. Re4 Qd3 20. Rd4 Qg6 21.
Ne4 f5 22. Qc7 Bh4 23. Bb4 fxe4 24. Bxf8 Qf6 25. Bxg7 Qxg7 26. Rd8+ Bxd8 27. Qxd8+
Qf8 28. Qg5+ Kf7 29. Qh5+ Kf6 30. Qh4+ Ke5 31. Qg5+ Qf5 32. Qg7+ Qf6 33. f4+ exf3
34. Re1+ Kf5 35. g4+ 1-0

[Event "Indywidualne Mistrzostwa Polski Kobiet do lat 20"]
[Site "Osrodek „SUDETY”, Pokrzywna 75"]
[Date "1899-12-30"]
[Round "4.5"]
[White "Siekanska, Zuzanna"]
[Black "Adamczyk, Zuzanna"]
[Result "0-1"]
[WhiteTitle "I++"]
[BlackTitle "WCM"]
[WhiteElo "1783"]
[BlackElo "2047"]

1. d4 f5 2. c4 Nf6 3. Nc3 g6 4. Nf3 Bg7 5. Bf4 d6 6. e3 O-O 7. c5 Kh8 8. Qb3 Ne4
9. cxd6 cxd6 10. h4 h6 11. Ng5 e5 12. dxe5 dxe5 13. Rd1 Qc7 14. Bh2 Nxc3 15. bxc3
Nc6 16. Be2 Na5 17. Qd5 f4 18. exf4 exf4 19. c4 Bc3+ 20. Kf1 hxg5 21. hxg5 Kg7
22. Bg1 Bf5 23. Qf3 Be5 24. Rh6 Rad8 25. Rxd8 Rxd8 26. g4 fxg3 27. Qh1 Kg8 28.
fxg3 Nxc4 29. g4 Be4 0-1

[Event "Indywidualne Mistrzostwa Polski Kobiet do lat 20"]
[Site "Osrodek „SUDETY”, Pokrzywna 75"]
[Date "1899-12-30"]
[Round "4.6"]
[White "Marcinczyk, Monika"]
[Black "Budkiewicz, Magdalena"]
[Result "0-1"]
[WhiteTitle "WCM"]
[BlackTitle "k"]
[WhiteElo "2020"]
[BlackElo "1929"]

1. e4 c5 2. Nc3 d6 3. d4 cxd4 4. Qxd4 Nc6 5. Qd2 Nf6 6. b3 g6 7. Bb2 Bg7 8. O-O-O
O-O 9. f3 Be6 10. g4 a5 11. a4 Rc8 12. Kb1 Nb4 13. Nge2 Qb6 14. Nd4 Bd7 15. h4
h5 16. g5 Ne8 17. Nd5 Nxd5 18. exd5 Rc5 19. Bb5 Bxb5 20. Nxb5 Nc7 21. Bxg7 Kxg7
22. Qd4+ Kg8 23. Nc3 Qb4 24. Kb2 Na6 25. Ne4 Rc7 26. c3 Qxd4 27. Rxd4 Rfc8 28.
Re1 Kf8 29. Re3 Nc5 30. f4 Nxe4 31. Rdxe4 Re8 32. b4 b6 33. Kb3 Rec8 34. f5 gxf5
35. Rf4 e6 36. c4 Re7 37. dxe6 fxe6 38. Rd4 Rd8 39. bxa5 bxa5 40. Kc3 Kf7 41.
Re5 Ra7 42. Rb5 Rdd7 43. Rb6 Ke7 44. Rb8 e5 45. Rd5 f4 46. Kd3 Ke6 47. Ke4 Rac7
48. Re8+ Kf7 49. Rh8 Rxc4+ 50. Kf5 Kg7 51. Rh6 Rf7+ 52. Rf6 f3 53. Rdxd6 e4 54.
Rxf7+ Kxf7 55. g6+ Kg7 56. Rd7+ Kg8 57. Rd8+ Kg7 58. Rd7+ Kf8 59. Rd8+ Ke7 60.
g7 f2 61. g8=Q f1=Q+ 62. Kg5 Qf6+ 63. Kxh5 Qf5+ 0-1

[Event "Indywidualne Mistrzostwa Polski Kobiet do lat 20"]
[Site "Osrodek „SUDETY”, Pokrzywna 75"]
[Date "1899-12-30"]
[Round "4.7"]
[White "Pawicka, Magdalena"]
[Black "Dylag, Emilia"]
[Result "0-1"]
[WhiteTitle "k+"]
[BlackTitle "WFM"]
[WhiteElo "1691"]
[BlackElo "1956"]

1. e4 c5 2. Nf3 d6 3. d4 cxd4 4. Qxd4 Nc6 5. Bb5 Bd7 6. Bxc6 Bxc6 7. Nc3 e5 8.
Qd3 h6 9. O-O Nf6 10. b3 Be7 11. Bb2 b5 12. Nd2 Rb8 13. Rfe1 O-O 14. Nf1 b4 15.
Nd1 Nd7 16. c4 Nc5 17. Qc2 Qb6 18. Ng3 Bg5 19. Ne3 g6 20. Rad1 Bxe3 21. Rxe3 Rbd8
22. Kh1 a5 23. Re2 a4 24. Bc1 axb3 25. axb3 Kg7 26. Be3 Qa5 27. Bxc5 dxc5 28.
Red2 Rd4 29. f3 Rfd8 30. Ne2 Rxd2 31. Rxd2 Qa1+ 32. Ng1 Rd4 33. h3 Qe1 34. Rd3
h5 35. Kh2 Bxe4 36. fxe4 Qxe4 37. Nf3 Rxd3 38. Nxe5 Qxe5+ 0-1

[Event "Indywidualne Mistrzostwa Polski Kobiet do lat 20"]
[Site "Osrodek „SUDETY”, Pokrzywna 75"]
[Date "1899-12-30"]
[Round "4.8"]
[White "Starosta, Martyna"]
[Black "Smietanska, Wiktoria"]
[Result "1-0"]
[WhiteTitle "WCM"]
[BlackTitle "CM"]
[WhiteElo "1938"]
[BlackElo "1910"]

1. e4 c6 2. d4 d5 3. Nc3 dxe4 4. Nxe4 Bf5 5. Ng3 Bg6 6. h4 h6 7. f4 e6 8. Nf3 Nf6
9. h5 Bh7 10. Bd3 Bxd3 11. Qxd3 Bd6 12. Bd2 Nbd7 13. O-O-O Qc7 14. Ne5 Rd8 15.
Rde1 c5 16. Ng6 c4 17. Nf5 Nf8 18. Nxg7+ Kd7 19. Qh3 Rg8 20. Nxf8+ Rdxf8 21. Rxe6
Ng4 22. Qxg4 fxe6 23. Qxe6+ Kd8 24. Qxg8 Rxg8 25. Ne6+ Kd7 26. Nxc7 Bxc7 27. f5
Rxg2 28. Bxh6 Ke7 29. Be3 Kf6 30. h6 Rg8 31. Rh5 Rh8 32. Kd2 Ba5+ 33. Ke2 Rh7
34. b3 c3 35. Kd3 b5 36. d5 b4 37. Bxa7 Bc7 38. Bc5 Ba5 39. Kc4 Ke5 40. Bxb4 Bxb4
41. Kxb4 Kxd5 42. Kxc3 1-0

[Event "Indywidualne Mistrzostwa Polski Kobiet do lat 20"]
[Site "Osrodek „SUDETY”, Pokrzywna 75"]
[Date "1899-12-30"]
[Round "4.10"]
[White "Pietrzak, Emilia"]
[Black "Czarniecka, Aleksandra"]
[Result "0-1"]
[WhiteTitle "I+"]
[BlackTitle "m"]
[WhiteElo "1497"]
[BlackElo "2031"]

1. e4 c5 2. Nf3 d6 3. Bb5+ Bd7 4. Bxd7+ Qxd7 5. c4 g6 6. d4 cxd4 7. Nxd4 Bg7 8.
Be3 Nf6 9. Nc3 Ng4 10. Bc1 Nc6 11. Nxc6 bxc6 12. Qe2 O-O 13. O-O Rfb8 14. h3 Nf6
15. Rd1 Qe6 16. Bf4 Nd7 17. Rac1 Nc5 18. f3 a5 19. Be3 a4 20. Bd4 Rb4 21. Bxg7
Kxg7 22. Rd4 Rab8 23. Rc2 Qe5 24. Rdd2 Ne6 25. Qd3 Nf4 26. Qf1 Qc5+ 27. Kh2 Qxc4
28. Qd1 Qa6 29. g3 Ne6 30. Qg1 Qb6 31. a3 Nd4 32. Rxd4 Rxd4 33. Qf1 Qb3 34. Qf2
e5 35. Qe2 Qc4 36. Qf2 Qd3 37. Nb1 Rb3 38. Kg2 Qe3 39. Qf1 Rbd3 40. Rc1 d5 41.
Re1 Qg5 42. exd5 Rxd5 43. h4 Qd8 44. Nc3 Rd2+ 45. Kh1 R5d3 46. Nxa4 Qd4 47. Nc3
Rf2 48. Qh3 Re3 49. Rg1 Rexf3 50. h5 h6 51. hxg6 fxg6 52. Rd1 Rd3 53. Re1 Rf5
0-1